000 00271nam a22001217a 4500
008 170607b xxu||||| |||| 00| 0 eng d
041 _aeng
080 _a338
100 _a18
101 _aSHH
245 _aASPECTS OFPOLITICAL ECOMOMY
_cROEDER.P.W
942 _2udc
_cBK
999 _c16220
_d16220